[Event "Regionalliga SW 9900"]
[Site "Bayern"]
[Date "2000.??.??"]
[Round "4.8"]
[White "Lux, Werner"]
[Black "Schuele, Herbert"]
[Result "1/2-1/2"]
[WhiteElo "1860"]
[BlackElo "1955"]
[PlyCount "71"]
[EventDate "1999.??.??"]
[EventType "team-tourn"]
[EventRounds "9"]
[EventCountry "GER"]
[SourceTitle "EXT 2020"]
[Source "ChessBase"]
[SourceDate "2019.10.17"]
[SourceVersion "1"]
[SourceVersionDate "2019.10.17"]
[SourceQuality "1"]
[WhiteTeam "Tuerkheim"]
[BlackTeam "Lauingen"]
[WhiteTeamCountry "GER"]
[BlackTeamCountry "GER"]

1. e4 c5 2. Nf3 d6 3. d3 Nc6 4. g3 g6 5. Bg2 Bg7 6. 0-0 Nf6 7. Re1 0-0 8. Nbd2 a6 9. Nf1 Rb8 10. h4 Bd7 11. N1h2 b5 12. Bd2 b4 13. Qc1 Re8 14. Bh6 Bh8 15. Ng5 Ne5 16. Qf4 a5 17. Rad1 Qb6 18. Bf3 a4 19. Kg2 Bg7 20. Bxg7 Kxg7 21. g4 h6 22. Nh3 Nxf3 23. Qxf3 h5 24. g5 Ng4 25. Qg3 Be6 26. b3 axb3 27. axb3 Ra8 28. Nxg4 Bxg4 29. f3 Be6 30. Nf4 Ra2 31. Nxe6+ fxe6 32. Re2 Rf8 33. Qh3 e5 34. Qe6 Qd8 35. Rf1 Rf4 36. Kg3 1/2-1/2

[Event "Regionalliga SW 9900"]
[Site "Bayern"]
[Date "2000.??.??"]
[Round "6.8"]
[White "Poehlmann, Philipp"]
[Black "Schuele, Herbert"]
[Result "1-0"]
[WhiteElo "1775"]
[BlackElo "1955"]
[PlyCount "60"]
[EventDate "1999.??.??"]
[EventType "team-tourn"]
[EventRounds "9"]
[EventCountry "GER"]
[SourceTitle "EXT 2020"]
[Source "ChessBase"]
[SourceDate "2019.10.17"]
[SourceVersion "1"]
[SourceVersionDate "2019.10.17"]
[SourceQuality "1"]
[WhiteTeam "Pasing II"]
[BlackTeam "Lauingen"]
[WhiteTeamCountry "GER"]
[BlackTeamCountry "GER"]

1. d4 Nf6 2. c4 e6 3. Nc3 d5 4. Bg5 Be7 5. e3 0-0 6. Nf3 Nbd7 7. Rc1 b6 8. cxd5 exd5 9. Bb5 Bb7 10. 0-0 Rc8 11. Qa4 a6 12. Be2 Ne4 13. Bf4 f5 14. Rc2 c5 15. dxc5 Ndxc5 16. Qd4 Ne6 17. Qd3 Nxf4 18. exf4 Bc5 19. Ne5 Rf6 20. Bf3 h5 21. Bxh5 b5 22. Bf3 Bb6 23. Ne2 Rxc2 24. Qxc2 Rd6 25. Bh5 Qh4 26. Bf7+ Kf8 27. Ng3 Nxg3 28. hxg3 Qxg3 29. Qxf5 Rh6 30. Bg6+ Ke7 1-0

[Event "Regionalliga SW 9899"]
[Site "Bayern"]
[Date "1999.??.??"]
[Round "5.5"]
[White "Schuele, Herbert"]
[Black "Wittke, Volker"]
[Result "0-1"]
[WhiteElo "1975"]
[BlackElo "2050"]
[PlyCount "74"]
[EventDate "1998.??.??"]
[EventType "team-tourn"]
[EventRounds "9"]
[EventCountry "GER"]
[SourceTitle "EXT 2020"]
[Source "ChessBase"]
[SourceDate "2019.10.17"]
[SourceVersion "1"]
[SourceVersionDate "2019.10.17"]
[SourceQuality "1"]
[WhiteTeam "Lauingen"]
[BlackTeam "Garching"]
[WhiteTeamCountry "GER"]
[BlackTeamCountry "GER"]

1. e4 c5 2. Nf3 Nf6 3. e5 Nd5 4. Nc3 e6 5. Ne4 f5 6. Nc3 Ne7 7. d4 cxd4 8. Nxd4 Ng6 9. Qh5 Nc6 10. Nxc6 bxc6 11. Bc4 Qa5 12. f4 Rb8 13. Bd2 Bb4 14. Qf3 0-0 15. Rd1 Ba6 16. Bxa6 Qxa6 17. a3 Bc5 18. Bc1 d5 19. Ne2 Qc4 20. Rd3 Bb6 21. Rc3 Qa6 22. b4 c5 23. Rb3 cxb4 24. axb4 Rfc8 25. c3 Qc4 26. Rb2 d4 27. cxd4 Bxd4 28. Rd2 Qxb4 29. Ba3 Bf2+ 30. Qxf2 Qxa3 31. 0-0 Rb2 32. Nd4 Rxd2 33. Qxd2 Rd8 34. Qf2 Kf7 35. Rb1 Rd7 36. Nb5 Qd3 37. Nd6+ Rxd6 0-1

[Event "Regionalliga SW 9899"]
[Site "Bayern"]
[Date "1998.??.??"]
[Round "1.6"]
[White "Jermann, Frank"]
[Black "Schuele, Herbert"]
[Result "1-0"]
[WhiteElo "2090"]
[BlackElo "1975"]
[PlyCount "61"]
[EventDate "1998.??.??"]
[EventType "team-tourn"]
[EventRounds "9"]
[EventCountry "GER"]
[SourceTitle "EXT 2020"]
[Source "ChessBase"]
[SourceDate "2019.10.17"]
[SourceVersion "1"]
[SourceVersionDate "2019.10.17"]
[SourceQuality "1"]
[WhiteTeam "Muenchen Suedost"]
[BlackTeam "Lauingen"]
[WhiteTeamCountry "GER"]
[BlackTeamCountry "GER"]

1. d4 d5 2. Nf3 Nf6 3. Bg5 e6 4. e3 Be7 5. Bd3 0-0 6. Nbd2 b6 7. Qe2 c5 8. c3 Bb7 9. 0-0 Nbd7 10. Ne5 Nxe5 11. dxe5 Nd7 12. Bxe7 Qxe7 13. f4 f6 14. exf6 Rxf6 15. e4 Qf7 16. g3 e5 17. f5 Kh8 18. g4 d4 19. g5 Rd6 20. c4 Bc6 21. Qg4 a6 22. Rf3 Nf8 23. Raf1 Ra7 24. Rh3 b5 25. g6 Qd7 26. Rxh7+ Kg8 27. Qh5 Nxh7 28. Qxh7+ Kf8 29. Qh8+ Ke7 30. Qxg7+ Kd8 31. Qh8+ 1-0

[Event "Regionalliga SW 9697"]
[Site "Bayern"]
[Date "1997.??.??"]
[Round "?"]
[White "Nussbaecher, Andreas"]
[Black "Schuele, Herbert"]
[Result "1/2-1/2"]
[WhiteElo "1980"]
[BlackElo "2005"]
[PlyCount "69"]
[EventDate "1996.10.??"]
[EventType "team-tourn"]
[EventRounds "9"]
[EventCountry "GER"]
[SourceTitle "EXT 1999"]
[Source "ChessBase"]
[SourceDate "1998.11.16"]
[SourceVersion "1"]
[SourceVersionDate "1998.11.16"]
[SourceQuality "1"]
[WhiteTeam "Muenchen 36 II"]
[BlackTeam "Lauingen"]
[WhiteTeamCountry "GER"]
[BlackTeamCountry "GER"]

1. d4 Nf6 2. c4 g6 3. Nc3 d5 4. Nf3 Bg7 5. Qb3 dxc4 6. Qxc4 0-0 7. e4 c6 8. Qb3 Nbd7 9. Be2 Nb6 10. 0-0 Be6 11. Qc2 Qc7 12. b3 Rfd8 13. Ba3 Rac8 14. Rad1 Nh5 15. Bc5 Nf4 16. Ng5 h6 17. Nxe6 Nxe6 18. Bg4 Ra8 19. Bxe6 fxe6 20. e5 Kh7 21. h4 Rf8 22. h5 Rf5 23. g4 Rf3 24. Qxg6+ Kh8 25. Ne4 Rg8 26. Qxe6 Nd5 27. Ng3 Bf8 28. Kh2 Nf4 29. Qf5 e6 30. Qe4 Rxg4 31. Qxf3 Rh4+ 32. Kg1 Nh3+ 33. Kg2 Nf4+ 34. Kg1 Nh3+ 35. Kg2 1/2-1/2

[Event "Regionalliga SW 9697"]
[Site "Bayern"]
[Date "1996.??.??"]
[Round "?"]
[White "Killinger, Wilhelm"]
[Black "Schuele, Herbert"]
[Result "1/2-1/2"]
[WhiteElo "2030"]
[BlackElo "2005"]
[PlyCount "69"]
[EventDate "1996.10.??"]
[EventType "team-tourn"]
[EventRounds "9"]
[EventCountry "GER"]
[SourceTitle "EXT 1999"]
[Source "ChessBase"]
[SourceDate "1998.11.16"]
[SourceVersion "1"]
[SourceVersionDate "1998.11.16"]
[SourceQuality "1"]
[WhiteTeam "Obermenzing"]
[BlackTeam "Lauingen"]
[WhiteTeamCountry "GER"]
[BlackTeamCountry "GER"]

1. Nf3 Nf6 2. g3 g6 3. Bg2 Bg7 4. 0-0 0-0 5. d3 c5 6. e4 d6 7. Qe2 Nc6 8. c3 e5 9. Na3 Re8 10. h3 a6 11. Nc2 Qc7 12. Bg5 Be6 13. d4 exd4 14. cxd4 cxd4 15. Nfxd4 d5 16. Nxc6 bxc6 17. Bf4 Qc8 18. e5 Bxh3 19. Qf3 Ne4 20. Nb4 Bxg2 21. Kxg2 Bxe5 22. Rac1 Qb7 23. Nxc6 Bxf4 24. Qxf4 Qxb2 25. Rcd1 Rac8 26. Nd4 Rc4 27. Nf3 Nc3 28. Rd2 Qb5 29. Nd4 Qc5 30. Rh1 Ne4 31. Rxh7 Kxh7 32. Qxf7+ Kh6 33. Qxe8 Qc8 34. Qxc8 Rxc8 35. Rc2 1/2-1/2

[Event "Regionalliga SW 9596"]
[Site "Bayern"]
[Date "1995.??.??"]
[Round "?"]
[White "Drexel, Michael"]
[Black "Schuele, Herbert"]
[Result "1-0"]
[WhiteElo "2080"]
[BlackElo "2005"]
[PlyCount "109"]
[EventDate "1995.10.??"]
[EventType "team-tourn"]
[EventRounds "9"]
[EventCountry "GER"]
[SourceTitle "EXT 1999"]
[Source "ChessBase"]
[SourceDate "1998.11.16"]
[SourceVersion "1"]
[SourceVersionDate "1998.11.16"]
[SourceQuality "1"]
[WhiteTeam "Muenchen RT"]
[BlackTeam "Lauingen"]
[WhiteTeamCountry "GER"]
[BlackTeamCountry "GER"]

1. d4 Nf6 2. c4 g6 3. Nc3 d5 4. Bg5 Ne4 5. Bf4 Nxc3 6. bxc3 Bg7 7. e3 0-0 8. Nf3 c5 9. Qa4 Nc6 10. cxd5 Qxd5 11. Bc4 Qd8 12. 0-0 Bd7 13. Qa3 cxd4 14. cxd4 a6 15. Rac1 Rc8 16. d5 Qa5 17. Qb3 Nb4 18. a3 Rxc4 19. Qxc4 Nxd5 20. Rfd1 Be6 21. Qc5 Qxc5 22. Rxc5 Nc3 23. Rd3 Ne2+ 24. Kf1 Nxf4 25. exf4 b5 26. Ke1 Rb8 27. Ne5 Bxe5 28. fxe5 a5 29. Rd2 Kf8 30. Rb2 Bd7 31. a4 Ke8 32. axb5 a4 33. Rb4 a3 34. Ra4 Bxb5 35. Rxa3 Bd7 36. Rc7 Rc8 37. Rxc8+ Bxc8 38. Kd2 Bb7 39. g3 Kf8 40. Ke3 Bd5 41. Kd4 Bg2 42. Kc5 Bh3 43. Ra8+ Kg7 44. Re8 e6 45. Kd6 g5 46. f3 Bg2 47. f4 gxf4 48. gxf4 Bh3 49. Ke7 Bg4 50. Rd8 Bh5 51. Rd2 Kg6 52. Rg2+ Kh6 53. Rg3 Bg6 54. Kf6 Bh5 55. h3 1-0